| 000 | 00803nam a2200253Ia 4500 | ||
|---|---|---|---|
| 003 | GCL | ||
| 008 | 140319s9999 xx 000 0 ara d | ||
| 040 |
_aGCL / _cGCL |
||
| 082 | 0 | 4 |
_a320.947 _bى ص |
| 100 | 1 | _aيففينى شازوف | |
| 245 | 1 | 0 |
_aالصحة والسلطة: مذكرات كبير اطباء الكريميلين(يففينى شازوف) / _cيففينى شازوف |
| 700 | 1 | _aايمان يحيى | |
| 260 |
_a[S.N] : _bدار عرب للدراسات والنشر ، _c1993 |
||
| 300 | _a196 ص | ||
| 490 | _a | ||
| 650 | 0 | 4 | _aمصر |
| 650 | 0 | 4 | _aالطب |
| 650 | 0 | 4 | _aالاتحاد السوفيتى |
| 650 | 0 | 4 | _aالعلاقات الخارجية |
| 650 | 0 | 4 | _aالامراض |
| 650 | 0 | 4 | _aرؤساء الجمهورية |
| 650 | 0 | 4 | _aالصحة |
| 942 |
_2ddc _cBK |
||
| 999 |
_c55550 _d55550 |
||